हास्य का इन्द्रधनुष / (Record no. 112151)

MARC details
000 -LEADER
fixed length control field 01246nam a22002777a 4500
003 - CONTROL NUMBER IDENTIFIER
control field dpl
005 - DATE AND TIME OF LATEST TRANSACTION
control field 20170204143903.0
008 - FIXED-LENGTH DATA ELEMENTS--GENERAL INFORMATION
fixed length control field 170204b xxu||||| |||| 00| 0 eng d
010 ## - LIBRARY OF CONGRESS CONTROL NUMBER
LC control number B-048540, B-048546
020 ## - INTERNATIONAL STANDARD BOOK NUMBER
Terms of availability 200.00
035 ## - SYSTEM CONTROL NUMBER
System control number B-048540, B-048546
037 ## - SOURCE OF ACQUISITION
Source of stock number/acquisition Cen Lib/Ret
040 ## - CATALOGING SOURCE
Original cataloging agency DPL
Language of cataloging HN
Transcribing agency DPL
082 ## - DEWEY DECIMAL CLASSIFICATION NUMBER
Classification number 827
Item number मिश्ररा
100 ## - MAIN ENTRY--PERSONAL NAME
Personal name मिश्र, रामप्रसाद
9 (RLIN) 46106
245 ## - TITLE STATEMENT
Title हास्य का इन्द्रधनुष /
Statement of responsibility, etc रामप्रसाद मिश्र
246 ## - VARYING FORM OF TITLE
Title proper/short title Hasya ka indradhanush /
Remainder of title by Ramprasad Mishra
260 ## - PUBLICATION, DISTRIBUTION, ETC. (IMPRINT)
Place of publication, distribution, etc नई दिल्ली
Name of publisher, distributor, etc स्नेह साहित्य सदन
Date of publication, distribution, etc 2001
270 ## - ADDRESS
City नई दिल्ली
Address 3072/9, प्रताप स्ट्रीट, गोला मार्किट, दरयागंज
Postal code 110002
300 ## - PHYSICAL DESCRIPTION
Extent 192पृ.
Dimensions 20सेमी(सजिल्द)
650 ## - SUBJECT ADDED ENTRY--TOPICAL TERM
Topical term or geographic name as entry element हिन्दी साहित्य
9 (RLIN) 46107
650 ## - SUBJECT ADDED ENTRY--TOPICAL TERM
Topical term or geographic name as entry element हिन्दी साहित्य -- कहानियाँ
9 (RLIN) 46108
650 ## - SUBJECT ADDED ENTRY--TOPICAL TERM
Topical term or geographic name as entry element Hindi literature
9 (RLIN) 46109
650 ## - SUBJECT ADDED ENTRY--TOPICAL TERM
Topical term or geographic name as entry element Hindi literature -- stories
9 (RLIN) 46110
942 ## - ADDED ENTRY ELEMENTS (KOHA)
Source of classification or shelving scheme Dewey Decimal Classification
Koha item type Hindi Books
Classification part 827
Call number suffix मिश्ररा
Holdings
Withdrawn status Lost status Damaged status Not for loan Home library Current library Date acquired Source of acquisition Cost, normal purchase price Total Checkouts Full call number Barcode Date last seen Date checked out Copy number Cost, replacement price Price effective from Koha item type Source of classification or shelving scheme Collection code Shelving location
        Central Library Central Library 07/08/2015 Cen Lib/Ret 200.00 1 827 मिश्ररा B-048540 18/06/2019 04/06/2019 1 200.00 07/08/2015 Hindi Books      
      Ordered Sarojini Nagar Sarojini Nagar 01/02/2017       827 मिश्ररा B-048546 01/02/2017   1 200.00 01/02/2017 Hindi Books Dewey Decimal Classification Non-fiction On Display

© Delhi Public Library
Hit Counter
free hit counter